Remote sensing and image interpretation / (Record no. 101831)

MARC details
000 -LEADER
fixed length control field 01157nam a22002897a 4500
005 - DATE AND TIME OF LATEST TRANSACTION
control field 20170706114629.0
010 ## - LCCN (DPL NO)
LC control number 1617EN ENG-116817
020 ## - INTERNATIONAL STANDARD BOOK NUMBER
International Standard Book Number 9788126532230
Terms of availability 949.00
035 ## - SYSTEM CONTROL NUMBER
System control number 1617EN
035 ## - SYSTEM CONTROL NUMBER
System control number B-650755-764
035 ## - SYSTEM CONTROL NUMBER
System control number B-664687
035 ## - SYSTEM CONTROL NUMBER
System control number EN-100349
037 ## - SOURCE OF ACQUISITION
Source of stock number/acquisition BSB
082 ## - DEWEY DECIMAL CLASSIFICATION NUMBER
Classification number 621.3678
100 ## - MAIN ENTRY--PERSONAL NAME
Personal name Lillesand,Thomas M.
245 ## - TITLE STATEMENT
Title Remote sensing and image interpretation /
Statement of responsibility, etc by Thomas M.Lillesand, Ralph W.Kiefer [and] Jonathan W.Chipman
250 ## - EDITION STATEMENT
Edition statement 6th ed
260 ## - PUBLICATION, DISTRIBUTION, ETC. (IMPRINT)
Date of publication, distribution, etc 2016 (rp)
Place of publication, distribution, etc New Delhi
Name of publisher, distributor, etc John Wiley
270 ## - ADDRESS
Address 4435-36/7, Ansari Road,Daryaganj
City New Delhi
Postal code 110002
300 ## - PHYSICAL DESCRIPTION
Dimensions 25cm(pbk)
Extent xii,756p
Other physical details ill.
500 ## - GENERAL NOTE
General note Includes index
700 ## - ADDED ENTRY--PERSONAL NAME
Personal name Kiefer, Ralph W.
700 ## - ADDED ENTRY--PERSONAL NAME
Personal name Chipman, Jonathan W.
942 ## - ADDED ENTRY ELEMENTS (KOHA)
Item type English Books
Source of classification or shelving scheme Dewey Decimal Classification
Classification part 621.3678
Call number suffix LIL
Holdings
Withdrawn status Lost status Not for loan Collection code Home library Current library Date acquired Source of acquisition Cost, normal purchase price Full call number Barcode Copy number Cost, replacement price Koha item type
      Non-fiction Ashok Vihar Ashok Vihar 06/07/2017 BPPD/EN/2016-17/AV/2016-17/455/15.02.2017/BSB/IN513/28.02.2017/06.03.2017 949.00 621.3678 LIL B-664687 1 949.00 English Books
      Non-fiction Bagh Kadhe Khan Bagh Kadhe Khan 06/02/2017 BPPD/EN/2016-17/289/24.11.2016/337/2.12.2016/4.1.2017 949.00 621.3678 LIL B-650763 1 949.00 English Books
    Not For Loan Non-fiction D.B.Act.Division Bawana 14/12/2016 DBAD/PUB 949.00 621.3678 LIL EN-100349 1 949.00 English Books
      Non-fiction Bawana Bawana 06/02/2017 BPPD/EN/2016-17/289/24.11.2016/337/2.12.2016/4.1.2017 949.00 621.3678 LIL B-650761 1 949.00 English Books
      Non-fiction Central Library Central Library 06/02/2017 BPPD/EN/2016-17/289/24.11.2016/337/2.12.2016/4.1.2017 949.00 621.3678 LIL B-650755 1 949.00 English Books
      Non-fiction Janak Puri Janak Puri 06/02/2017 BPPD/EN/2016-17/289/24.11.2016/337/2.12.2016/4.1.2017 949.00 621.3678 LIL B-650759 1 949.00 English Books
      Non-fiction Kasturba Gandhi Marg Kasturba Gandhi Marg 06/02/2017 BPPD/EN/2016-17/289/24.11.2016/337/2.12.2016/4.1.2017 949.00 621.3678 LIL B-650758 1 949.00 English Books
      Non-fiction New Police Line New Police Line 06/02/2017 BPPD/EN/2016-17/289/24.11.2016/337/2.12.2016/4.1.2017 949.00 621.3678 LIL B-650756 1 949.00 English Books
      Non-fiction New Rohtak Road New Rohtak Road 06/02/2017 BPPD/EN/2016-17/289/24.11.2016/337/2.12.2016/4.1.2017 949.00 621.3678 LIL B-650762 1 949.00 English Books
      Non-fiction Patel Nagar Patel Nagar 06/02/2017 BPPD/EN/2016-17/289/24.11.2016/337/2.12.2016/4.1.2017 949.00 621.3678 LIL B-650757 1 949.00 English Books
      Non-fiction Sarojini Nagar Sarojini Nagar 06/02/2017 BPPD/EN/2016-17/289/24.11.2016/337/2.12.2016/4.1.2017 949.00 621.3678 LIL B-650760 1 949.00 English Books
      Non-fiction Shahdara Branch Shahdara Branch 06/02/2017 BPPD/EN/2016-17/289/24.11.2016/337/2.12.2016/4.1.2017 949.00 621.3678 LIL B-650764 1 949.00 English Books

© Delhi Public Library
Hit Counter
free hit counter